000 00699nam a2200181 a 4500
001 000029904
005 20200930055909.0
008 110426s1993 dr a 000 0 spa d
040 _aDO-SdBNP
_bspa
_cBNPHU
082 _axxx
_bT233d
100 1 _aTaveras, Luis L.
_956641
245 1 0 _aDesarrollo y perspectivas del turismo dominicano /
_cLuis L. Taveras.
260 _aSanto Domingo :
_bSecretaria de Estado de Turismo :
_bCamara Américana de Comercio,
_fCENAPEC
_c1993.
300 _a46 p. :
_bil. ;
_c28 cm.
500 _aDiscurso pronunciado por el Lic. Luis L. Taveras Secretario de Estado de Turismo el 21 de julio de 1993.
710 1 _aSecretaria de Estado de Turismo
_935548
049 _aBNPD
999 _c29396
_d29396